| 000 -LEADER |
| fixed length control field |
00751nam a22002057a 4500 |
| 005 - DATE AND TIME OF LATEST TRANSACTION |
| control field |
20240129145527.0 |
| 008 - FIXED-LENGTH DATA ELEMENTS--GENERAL INFORMATION |
| fixed length control field |
240129b ||||| |||| 00| 0 eng d |
| 020 ## - INTERNATIONAL STANDARD BOOK NUMBER |
| International Standard Book Number |
9780241280249 |
| 040 ## - CATALOGING SOURCE |
| Transcribing agency |
KH8 |
| 082 ## - DEWEY DECIMAL CLASSIFICATION NUMBER |
| Classification number |
428.6 MUR |
| 100 ## - MAIN ENTRY--PERSONAL NAME |
| Personal name |
Murray, Helen |
| Relator term |
Author |
| 245 ## - TITLE STATEMENT |
| Title |
Stop the stone monsters! / |
| Statement of responsibility, etc. |
Helen Murray |
| 260 ## - PUBLICATION, DISTRIBUTION, ETC. |
| Place of publication, distribution, etc. |
New York, New York, |
| Name of publisher, distributor, etc. |
DK Publishing, |
| Date of publication, distribution, etc. |
2017 |
| 300 ## - PHYSICAL DESCRIPTION |
| Extent |
24 pages : |
| Other physical details |
color illustrations ; |
| Dimensions |
24 cm |
| 440 ## - SERIES STATEMENT/ADDED ENTRY--TITLE |
| Title |
DK |
| 520 ## - SUMMARY, ETC. |
| Summary, etc. |
The five brave Nexo Knights, fitted with new battle suits and enhanced with powers from their digital wizard friend, defend the land of Knighton against a horde of Stone Monsters<br/> |
| 650 ## - SUBJECT ADDED ENTRY--TOPICAL TERM |
| Topical term or geographic name entry element |
Action and adventure fiction |
| 650 ## - SUBJECT ADDED ENTRY--TOPICAL TERM |
| Topical term or geographic name entry element |
Adventure stories |
| 942 ## - ADDED ENTRY ELEMENTS (KOHA) |
| Source of classification or shelving scheme |
|
| Koha item type |
Books - Non Ficton |